| 000 | 00496nam a2200145Ia 4500 | ||
|---|---|---|---|
| 008 | 140724s9999 xx 000 0 und d | ||
| 050 |
_aTS 155 _b.T161 2014 |
||
| 100 | _aTan, Jed Jefferson B. | ||
| 245 | 3 |
_aAn inventory system with POS for Jed Tan Tindahan / _cJed Jefferson B. Tan. |
|
| 260 |
_aLas PiƱas, Philippines : _bSouthville International School and Colleges, _cc2014. |
||
| 300 |
_a42 p. : _bcol. Ill. ; _c28 cm. |
||
| 521 | _aInformation Technology | ||
| 942 | _cTH | ||
| 999 |
_c229328 _d229328 |
||